বিফোর দ্য কফি গেটস্ কোল্ড / (Record no. 12650)
[ view plain ]
| 000 -LEADER | |
|---|---|
| fixed length control field | 00880nam a2200229 a 4500 |
| 001 - CONTROL NUMBER | |
| JCCL Control Number | 12650 |
| 003 - CONTROL NUMBER IDENTIFIER | |
| JCCL marc code | BD-JhCC |
| 005 - DATE AND TIME OF LATEST TRANSACTION | |
| control field | 20221027081717.0 |
| 008 - FIXED-LENGTH DATA ELEMENTS--GENERAL INFORMATION | |
| fixed length control field | 221027s2021 bg |||| |||| 000 0 ban d |
| 020 ## - INTERNATIONAL STANDARD BOOK NUMBER | |
| International Standard Book Number | 9789848018859 |
| 035 ## - SYSTEM CONTROL NUMBER | |
| system control number | (BD-JhCC)12650 |
| 040 ## - CATALOGING SOURCE | |
| Original cataloging agency | BD-JhCC |
| Modifying agency | BD-JhCC |
| 041 ## - LANGUAGE CODE | |
| Language code of Book | Bangla |
| 082 ## - DEWEY DECIMAL CLASSIFICATION NUMBER | |
| Classification number | 895.636 |
| Author mark and Year | KAW 2021 |
| 100 ## - MAIN ENTRY--PERSONAL NAME | |
| Personal name | কাওয়াগুচি, তোশিকাযু |
| 245 ## - TITLE STATEMENT | |
| Title | বিফোর দ্য কফি গেটস্ কোল্ড / |
| Statement of responsibility, etc | তোশিকাযু কাওয়াগুচি; সালমান হক (অনু.) |
| 260 ## - PUBLICATION, DISTRIBUTION, ETC. (IMPRINT) | |
| Place of publication, distribution, etc | ঢাকা : |
| Name of publisher, distributor, etc | আফসার ব্রাদার্স, |
| Date of publication, distribution, etc | ২০২১ |
| 300 ## - PHYSICAL DESCRIPTION | |
| Pagination | ১৯২ পৃ. : |
| Other physical details | চিত্রাবলী সংযোজিত, |
| Dimensions | ২৪ সেমি. |
| 650 ## - SUBJECT ADDED ENTRY--TOPICAL TERM | |
| Topical term or geographic name as entry element | Short stories, Japanese |
| 650 ## - SUBJECT ADDED ENTRY--TOPICAL TERM | |
| Topical term or geographic name as entry element | Japanese fiction |
| 942 ## - ADDED ENTRY ELEMENTS (KOHA) | |
| Source of classification or shelving scheme | Dewey Decimal Classification |
| Koha item type | Books |
| Source of classification or shelving scheme | Damaged status | Not for loan | Home library | Current library | Shelving location | Date of accession | Cost, normal purchase price | Total Checkouts | Full call number | Barcode | Date last seen | Date checked out | Copy number | Koha item type |
|---|---|---|---|---|---|---|---|---|---|---|---|---|---|---|
| Dewey Decimal Classification | JCC Rouf Library | JCC Rouf Library | General Stacks | 10/27/2022 | 288.00 | 8 | 895.636 KAW 2021 | 17423 | 01/21/2025 | 12/11/2024 | C-1 | Books |